Curso Básico de Construcción (Registro nro. 3432)
[ vista simple ]
| 000 -CABECERA | |
|---|---|
| Longitud fija campo de control | 01051nam a2200205 a 4500 |
| 003 - • IDENTIFICADOR DELl NÚMERO DE CONTROL | |
| Identificador del número de control | CO-ViMGA |
| 008 - • CÓDIGOS DE INFORMACIÓN DE LONGITUD FIJA | |
| Códigos de información de longitud fija | 141112s2004 ck r 000 u spa d |
| 020 ## - • NÚMERO INTERNACIONAL NORMALIZADO PARA LIBROS | |
| Número Internacional Normalizado para Libros (ISBN) | 9681834240 |
| 040 ## - FUENTE DE LA CATALOGACIÓN | |
| Centro catalogador de origen | CO-ViMGA |
| Lengua de catalogación | spa |
| Centro transcriptor | CO-ViMGA |
| 082 04 - • NÚMERO DE LA CLASIFICACIÓN DECIMAL DEWEY | |
| Número de clasificación (R) | 690 B145 |
| 100 1# - • PUNTO DE ACCESO PRINCIPAL-NOMBRE DE PERSONA | |
| Nombre de persona | Bailey, |
| 245 10 - • TITULO PROPIAMENTE DICHO | |
| Título | Curso Básico de Construcción |
| 300 ## - • DESCRIPCIÓN FÍSICA | |
| Extensión | 3 Vol. |
| 505 ## - • NOTA DE CONTENIDO CON FORMATO | |
| Nota de contenido con formato | Vol. 1 : Trazo y nivelación del terreno Excavación y ademado Concreto Cimentaciones para muros y pilares Ladrillos Morteros Subestructuras Herramientas de albañilería Vol. 2 : Pisos sólidos construidos sobre el terreno Enlaces o trabazón de la albañileria Construcción de muros Puentes sobre las aberturas Pilastras esquinas oblicuas Tabiques de separación Chimeneas domesticas Vol. 3 : Revestimiento Características decorativas y funcionales Albañileria reforzada Construcción de escalones Drenajes Andamiajes Pavimentación |
| 590 ## - NOTAS LOCALES | |
| Nota local | Forma de adquisición : Premio Mincultura |
| 650 14 - • PUNTO DE ACCESO ADICIONAL DE MATERIA - TÉRMINO DE MATERIA | |
| Término de materia o nombre geográfico como elemento inicial | CONSTRUCCION |
| 942 ## - ENTRADA DE ELEMENTOS AGREGADOS (KOHA) | |
| Fuente de clasificaión o esquema | Dewey Decimal Classification |
| Koha [por defecto] tipo de item | LIbro |
| Perdido | Fuente de clasificación o esquema | Estado Físico | No para préstamo | Forma de adquisición | Localización permanente | Localización actual | Fecha adquisición | Serie de enumeración / cronolog&íacute;a | Préstamos totales | Signatura completa | Código de barras | Fecha última consulta | Número de copia | Fecha del precio de reemplazo | Tipo de item de Koha |
|---|---|---|---|---|---|---|---|---|---|---|---|---|---|---|---|
| Dewey Decimal Classification | Sala Especializada Tercer Piso | Biblioteca Pública Germán Arciniegas - Villavicencio | Biblioteca Pública Germán Arciniegas - Villavicencio | 12/04/2015 | Volumen. 1 | 11/jun/2009 | 690 B145 | 19446 | 12/04/2015 | Ej. 1 | 12/04/2015 | LIbro |